LEADER 01039nam a2200229 i 4500 001 000000131927 003 CaOOAMICUS 005 20180301000000.0 008 180301s1870 xx u000 u fre u 013 $a104846 040 $aSeMil$bita 100 1 $aRoumeguère, Casimir <1828-1892>.$0(OLS)http://semarc/name/89648 245 10$aFamille des champignons /$cpar Casimir Roumeguère. 260 $aParis :$bBaillière et fils,$c1870. 300 $a164 p., [24] c. di tav. :$bill. ;$c32 cm. 650 4$aFunghi.$0(OLS)http://semarc/subject/37647 773 0 $aRoumeguère, Casimir <1828-1892>$tCryptogamie illustrée ou Histoire des familles naturelles des plantes acotylédones d'Europe.$dParis : J.-B. Baillière et fils, 1870.$g[2$w()7893 850 $aSeMil 852 $aSeMil$W1$xVenegono$y1$m3W VI 11 FA$j85861$B85861$CSeMilBibl$Z2$F89620 $8I 961 $aRecupero: Deposito 996 $6245$aFamille des champignons$9(OLS)http://semarc/title/408229 996 $6260$aParis :$bBaillière et fils$9(OLS)http://semarc/publisher/36218 LEADER 01351nam a2200301 4500 001 000000361195 003 CaOOAMICUS 005 20241217093119.0 008 241213s2024 it a 000 u ita r 020 $a978-88-569-0998-2 040 $aSeMil$bita 245 00$aGuercino :$bl'era Ludovisi a Roma /$ca cura di Raffaella Morselli, Caterina Volpi. 264 1$aNapoli :$bArte'm,$c2024. 300 $a63 p. :$bill. ;$c17 cm 500 $aA piè del front.: Scuderie del Quirinale 500 $aCatalogo della mostra tenuta a Roma nel 2024-2025 500 $aIn testa al front.: Guida [alla mostra] Arte'm 600 04$aGuercino .$0(OLS)http://semarc/subject/30574 600 04$aGregorio XV .$0(OLS)http://semarc/subject/18200 700 1 $aMorselli, Raffaella,$d<1961- >.$0(OLS)http://semarc/name/48926 700 1 $aVolpi, Caterina.$0(OLS)http://semarc/name/45397 850 $aSeMil 852 $aSeMil$W1$xVenegono$y1$m5D VI 1/6$j253982$B252171$CSeMilBibl$Z2$F252171 $81 961 $aPerego don Stefano - Omaggio 996 $6020$a978-88-569-0998-2$9(OLS)http://semarc/number/302114 996 $6245$aGuercino :$bl'era Ludovisi a Roma$9(OLS)http://semarc/title/451868 996 $6264$aNapoli :$bArte'm$9(OLS)http://semarc/publisher/56703 LEADER 00793nam a2200205 i 4500 001 000000045106 003 CaOOAMICUS 005 20250708143622.0 008 050302s1994 it u000 u ita u 020 $a88-02-04599-2 040 $aSeMil$bita 245 10$aVolume 2 /$cdi René Descartes. 300 $a773 p., [6] carte di tav. :$aill. 773 0 $aDescartes, René <1596-1650>$tOpere filosofiche.$dTorino : Unione Tipografico-Editrice Torinese, 1994.$kClassici della filosofia $g2$w()13035 850 $aSeMil 852 $aSeMil$W1$xVenegono$y1$m2LA C 33$j259300$B11261$CSeMilBibl$Z2$F11261 $81 961 $aAcquisto: UTET (Agente) 996 $6020$a88-02-04599-2$9(OLS)http://semarc/number/17183 996 $6245$aVolume 2$9(OLS)http://semarc/title/445306 LEADER 01015nam a2200217 4500 001 000000341380 003 CaOOAMICUS 005 20260302145104.0 008 200806s1819 it 000 u ita r 026 $aRARO reil o,o- doon (3) 1819 (A) 040 $aSeMil$bita 245 00$aTomo 1. 264 1$aNapoli :$bDalla tipografia di Domenico Sangiacomo,$c1819. 300 $a[8], XVIII, 320 p. ; $c8° 773 0 $aMagendie, François <1783-1855>$tCompendio elementare di fisiologia di F. Magendie dottore in medicina della facolta di Parigi ... Tradotto dal francese e corredato di note da C. Dimidri ... Tomo 1. [-2.].$dNapoli : Dalla tipografia di Domenico Sangiacomo, 1819.$g1$w()341379 850 $aSeMil 852 $aSeMil$W1$xVenegono$y1$m3XC V 8 FA$j220336$B232381$CSeMilBibl$Z2$F232381 $8I 941 1 $a10 996 $6245$aTomo 1$9(OLS)http://semarc/title/46685 996 $6264$aNapoli :$bDalla tipografia di Domenico Sangiacomo$9(OLS)http://semarc/publisher/59187